Regulation of monopoly in terms of economic practice

Energie sú zahrnuté do sféry sieťových odvetví, ktoré sú regulované štátom. Štruktúra a regulácia monopolov. Regulácia v Slovenských elektrárňach. V regulačnom období 2012-2016 jej cieľom bolo stabilizovať variabilné a fixné náklady, resp. dlhodobý návrat investícií.

Uložené v:
Podrobná bibliografia
Hlavný autor: Siváková, Bernadeta
Ďalší autori: Jančovičová, Monika, 1991-
Médium: Kapitola
Jazyk:English
Predmet:
Tagy: Pridať tag
Žiadne tagy, Buďte prvý, kto otaguje tento záznam!

MARC

LEADER 00000nla$a2200000$$$4500
001 0226598
005 20240502073729.0
041 0 |a eng 
044 |a SK 
245 1 0 |a Regulation of monopoly in terms of economic practice  |c Bernadeta Siváková, Monika Jančovičová 
520 |a Energie sú zahrnuté do sféry sieťových odvetví, ktoré sú regulované štátom. Štruktúra a regulácia monopolov. Regulácia v Slovenských elektrárňach. V regulačnom období 2012-2016 jej cieľom bolo stabilizovať variabilné a fixné náklady, resp. dlhodobý návrat investícií. 
610 2 0 |a monopoly 
610 2 0 |a elektrárne 
610 2 0 |a regulácia štátna 
610 2 0 |a politika protimonopolná 
100 1 |a Siváková, Bernadeta 
700 1 |a Jančovičová, Monika, 1991-